000 00662nam a2200205Ia 4500
005 20260121110023.0
008 008 260114s9999 xx 000 0 hin d
020 _a9788132360308
037 _aEBOOK
040 _aCRL
_bhin
_cCRL
041 _ahin
_2hin
084 _qCRL
100 _aबलदेव त्यागी / Baldev Tyagi
_9941068
245 0 _aजैव तकनीकी एवं अपंगता / Jaiv Takneeki aur Apangta
260 _bभाषा प्रकाशन / Bhasha Prakashan
_c2021
856 _uhttps://bhashaprakashan.com/product-details/382674
942 _cEBOOK
999 _c1532733
_d1532733